| 000 | 00476nam a22001817a 4500 | ||
|---|---|---|---|
| 003 | CEME | ||
| 005 | 20210628202136.0 | ||
| 008 | 210225b xxu||||| |||| 00| 0 eng d | ||
| 020 | _a969-8373-00-4 | ||
| 040 | _c. | ||
| 082 | _a297 IQB | ||
| 100 |
_aIqbal S.Hussain _9356 |
||
| 245 | _aIslam and western civilization, creating world of excellence | ||
| 260 |
_aLAHORE _bADBISTAN _c2000 |
||
| 300 | _a335P | ||
| 650 |
_aISLAM-WESTERN CIVILIZATION _958431 |
||
| 942 |
_cBK _2ddc |
||
| 999 |
_c568632 _d568632 |
||